[Event "Hastings Challengers 1993/94"]
[Site "Hastings"]
[Date "1993.12.31"]
[Round "3"]
[White "Howell, Christopher I"]
[Black "Ledger, David J"]
[Result "0-1"]
[WhiteElo "2130"]
[BlackElo "2295"]
[PlyCount "92"]
[EventDate "1993.12.29"]
[EventType "swiss"]
[EventRounds "9"]
[EventCountry "ENG"]
[SourceTitle "BritBase"]
[Source "John Saunders"]
[SourceDate "2025.11.18"]
[SourceVersion "1"]
[SourceVersionDate "2025.11.18"]
[SourceQuality "1"]

1. e4 e5 2. f4 exf4 3. Nf3 d6 4. d4 g5 5. g3 Bg7 6. h4 g4 7. Ng5 h6 8. Nxf7 Kxf7 9. Bc4+ Ke8 10. Bxf4 Nc6 11. c3 Nf6 12. Qb3 Rf8 13. h5 Nxe4 14. Nd2 Nxd2 15. Kxd2 Bf5 16. Rae1+ Ne7 17. Rh2 Rf6 18. Rhe2 Bf8 19. Kc1 Rb8 20. Qa4+ Bd7 21. Qc2 Bf5 22. Qa4+ b5 23. Bxb5+ Kf7 24. Bc4+ d5 25. Bb3 Bd3 26. Re3 Ra6 27. Rxd3 Rxa4 28. Bxa4 Rb6 29. Rde3 Rf6 30. Kb1 c6 31. Bc2 Kg8 32. Bb3 Qd7 33. Re5 Nf5 34. Bd1 Ng7 35. R5e2 Nxh5 36. Be5 Rf3 37. Rh2 Qf5+ 38. Bc2 Qg5 39. Bd1 Qf5+ 40. Bc2 Qg5 41. Bd1 Nxg3 42. Bxf3 Qf5+ 43. Ka1 Qxf3 44. Rg1 Ne2 45. Rgh1 g3 46. Rh3 g2 0-1

[Event "Hastings Challengers 1993/94"]
[Site "Hastings"]
[Date "1993.12.31"]
[Round "3"]
[White "Hunt, Harriet V"]
[Black "Franklin, Michael J"]
[Result "1/2-1/2"]
[WhiteElo "2135"]
[BlackElo "2275"]
[PlyCount "59"]
[EventDate "1993.12.29"]
[EventType "swiss"]
[EventRounds "9"]
[EventCountry "ENG"]
[SourceTitle "BritBase"]
[Source "John Saunders"]
[SourceDate "2025.11.18"]
[SourceVersion "1"]
[SourceVersionDate "2025.11.18"]
[SourceQuality "1"]

1. e4 c5 2. Nf3 a6 3. c4 d6 4. d4 cxd4 5. Nxd4 Nf6 6. Nc3 b6 7. Bd3 Bb7 8. Qe2 e6 9. O-O Be7 10. f4 g6 11. b3 O-O 12. Bb2 Nbd7 13. f5 gxf5 14. exf5 e5 15. Nc2 Kh8 16. Ne3 Rg8 17. Rad1 Rg7 18. Bb1 b5 19. Ncd5 bxc4 20. bxc4 Nxd5 21. cxd5 Nf6 22. Rf2 Rg8 23. Qf3 Rc8 24. a3 Qb6 25. Ba2 Rc5 26. h3 Rgc8 27. Kh2 Qb5 28. g4 Qa4 29. Bb1 Qb5 30. Ba2 1/2-1/2

[Event "Hastings Challengers 1993/94"]
[Site "Hastings"]
[Date "1993.12.31"]
[Round "3"]
[White "James, Geoffrey H"]
[Black "Muir, Andrew Joseph"]
[Result "1/2-1/2"]
[WhiteElo "2220"]
[BlackElo "2360"]
[PlyCount "30"]
[EventDate "1993.12.29"]
[EventType "swiss"]
[EventRounds "9"]
[EventCountry "ENG"]
[SourceTitle "Denman Collection"]
[Source "Brian Denman"]
[SourceDate "2023.11.29"]
[SourceVersion "1"]
[SourceVersionDate "2023.11.29"]
[SourceQuality "1"]

1. e4 c5 2. Nc3 Nc6 3. f4 g6 4. Nf3 Bg7 5. Bc4 e6 6. O-O Nge7 7. Qe1 d6 8. d3 Nd4 9. Nxd4 cxd4 10. Ne2 O-O 11. Bb3 f5 12. Ng3 Kh8 13. Bd2 Nc6 14. exf5 exf5 15. Qf2 Bd7 {Source: G H James.} 1/2-1/2

[Event "Hastings Challengers 1993/94"]
[Site "Hastings"]
[Date "1993.12.31"]
[Round "3"]
[White "Marusenko, Petr"]
[Black "Spice, Alan P"]
[Result "1-0"]
[WhiteElo "2370"]
[BlackElo "2200"]
[PlyCount "35"]
[EventDate "1993.12.29"]
[EventType "swiss"]
[EventRounds "9"]
[EventCountry "ENG"]
[SourceTitle "BritBase"]
[Source "John Saunders"]
[SourceDate "2025.11.18"]
[SourceVersion "1"]
[SourceVersionDate "2025.11.18"]
[SourceQuality "1"]

1. e4 e6 2. d4 d5 3. e5 c5 4. c3 Nc6 5. Nf3 Qb6 6. a3 c4 7. Nbd2 Bd7 8. b3 cxb3 9. Nxb3 Na5 10. Nxa5 Qxa5 11. Bd2 Ne7 12. Bd3 Qd8 13. O-O Nc6 14. Ng5 g6 15. Qg4 Be7 16. h4 h5 17. Qf3 Rf8 18. Nxf7 1-0

[Event "Hastings Challengers 1993/94"]
[Site "Hastings"]
[Date "1993.12.31"]
[Round "3"]
[White "Schmedders, Hans Gerd"]
[Black "Thompson, Ian D"]
[Result "1/2-1/2"]
[WhiteElo "2295"]
[BlackElo "2184"]
[PlyCount "39"]
[EventDate "1993.12.29"]
[EventType "swiss"]
[EventRounds "9"]
[EventCountry "ENG"]
[SourceTitle "BritBase"]
[Source "John Saunders"]
[SourceDate "2025.11.18"]
[SourceVersion "1"]
[SourceVersionDate "2025.11.18"]
[SourceQuality "1"]

1. e4 e6 2. Nf3 d5 3. e5 c5 4. b4 cxb4 5. a3 bxa3 6. c3 Nc6 7. d4 Nh6 8. h4 f6 9. Bd3 Nf7 10. Qe2 fxe5 11. Nxe5 Ncxe5 12. dxe5 Bc5 13. Rh3 Bd7 14. f4 Qb6 15. Nxa3 O-O-O 16. Nc2 Kb8 17. Ba3 Rc8 18. Kd2 d4 19. c4 Nh6 20. Bxc5 {Source: Ian Thompson} 1/2-1/2

[Event "Hastings Challengers 1993/94"]
[Site "Hastings"]
[Date "1993.12.31"]
[Round "3"]
[White "Wells, Peter K"]
[Black "Lalic, Bogdan"]
[Result "0-1"]
[WhiteElo "2455"]
[BlackElo "2520"]
[PlyCount "44"]
[EventDate "1993.12.29"]
[EventType "swiss"]
[EventRounds "9"]
[EventCountry "ENG"]
[SourceTitle "BritBase"]
[Source "John Saunders"]
[SourceDate "2025.11.18"]
[SourceVersion "1"]
[SourceVersionDate "2025.11.18"]
[SourceQuality "1"]

1. e4 d5 2. exd5 Nf6 3. c4 c6 4. Nc3 cxd5 5. cxd5 Nxd5 6. Nf3 e6 7. d4 Bb4 8. Bd2 Nc6 9. Bd3 O-O 10. O-O Be7 11. Be3 Nxe3 12. fxe3 Bd7 13. Rc1 Qa5 14. Nd2 Qg5 15. Rf3 f5 16. Nc4 g6 17. Qb3 Nxd4 18. exd4 Qxc1+ 19. Rf1 Qh6 20. Qxb7 Rad8 21. d5 Qg7 22. d6 Bxd6 0-1

[Event "Hastings Challengers 1993/94"]
[Site "Hastings"]
[Date "1993.12.31"]
[Round "3"]
[White "Yakovich, Yuri"]
[Black "Thornton, Mark Hardman"]
[Result "1-0"]
[WhiteElo "2525"]
[BlackElo "2235"]
[PlyCount "83"]
[EventDate "1993.12.29"]
[EventType "swiss"]
[EventRounds "9"]
[EventCountry "ENG"]
[SourceTitle "BritBase"]
[Source "John Saunders"]
[SourceDate "2025.11.18"]
[SourceVersion "1"]
[SourceVersionDate "2025.11.18"]
[SourceQuality "1"]

1. d4 Nf6 2. c4 e6 3. Nc3 d5 4. cxd5 exd5 5. Bg5 Be7 6. e3 O-O 7. Bd3 Nbd7 8. Nge2 Re8 9. O-O Nf8 10. b4 a6 11. a3 Ng6 12. Qc2 Qd6 13. Ng3 Ng4 14. Bxe7 Rxe7 15. Rad1 Nf6 16. Rfe1 Bg4 17. f3 Be6 18. Kh1 a5 19. Qa4 Bd7 20. b5 c5 21. Bb1 Rc8 22. Qb3 c4 23. Qb2 Rce8 24. e4 dxe4 25. fxe4 Qf4 26. Rf1 Qh4 27. Qf2 Ng4 28. Qg1 Re6 29. Nf5 Qg5 30. h3 Ne7 31. Nxe7+ R8xe7 32. Rf3 Rh6 33. Ba2 Nf6 34. Qe3 Qg6 35. Rg3 Qh5 36. Rf1 Qh4 37. Rf4 Qh5 38. Bxc4 Rg6 39. e5 Rxg3 40. Qxg3 Ne8 41. Nd5 Qd1+ 42. Rf1 1-0

[Event "Hastings Challengers 1993/94"]
[Site "Hastings"]
[Date "1994.01.01"]
[Round "4"]
[White "Basman, Michael John"]
[Black "Cohen, Aron J"]
[Result "1-0"]
[WhiteElo "2350"]
[BlackElo "2190"]
[PlyCount "65"]
[EventDate "1993.12.29"]
[EventType "swiss"]
[EventRounds "9"]
[EventCountry "ENG"]
[SourceTitle "BritBase"]
[Source "John Saunders"]
[SourceDate "2025.11.18"]
[SourceVersion "1"]
[SourceVersionDate "2025.11.18"]
[SourceQuality "1"]

1. h3 e5 2. a3 d5 3. c4 c6 4. e3 Nf6 5. b4 Bd6 6. Bb2 O-O 7. Nf3 Re8 8. Be2 Nbd7 9. Nc3 Nf8 10. Qb3 Bc7 11. cxd5 cxd5 12. d4 e4 13. Ne5 Be6 14. Qd1 Rc8 15. Na4 N6d7 16. Nxd7 Bxd7 17. Nc3 Be6 18. Rc1 Qg5 19. g3 Bxg3 20. Rg1 Bxf2+ 21. Kxf2 Qh4+ 22. Rg3 Ng6 23. Nb5 Rcd8 24. Rc7 Ne7 25. Bg4 f5 26. Bh5 f4 27. exf4 Qxf4+ 28. Kg2 Nf5 29. Rcxg7+ Nxg7 30. Bc1 Qf5 31. Bxe8 Rxe8 32. Nd6 Qf7 33. Nxf7 {PLEASE NOTE - this game was played in the 1993/94 Hastings Challengers, not the 1994/95 event as given by ChessBase. JS} 1-0

[Event "Hastings Challengers 1993/94"]
[Site "Hastings"]
[Date "1994.01.01"]
[Round "4"]
[White "Beaton, Kenneth S"]
[Black "Giddins, Stephen W"]
[Result "0-1"]
[WhiteElo "2115"]
[BlackElo "2280"]
[PlyCount "108"]
[EventDate "1993.12.29"]
[EventType "swiss"]
[EventRounds "9"]
[EventCountry "ENG"]
[SourceTitle "BritBase"]
[Source "John Saunders"]
[SourceDate "2025.11.18"]
[SourceVersion "1"]
[SourceVersionDate "2025.11.18"]
[SourceQuality "1"]

1. d4 e6 2. Nf3 Nf6 3. Bg5 c5 4. e3 cxd4 5. exd4 Be7 6. Bd3 O-O 7. O-O b6 8. Qe2 Bb7 9. c3 d6 10. Nbd2 Nbd7 11. h3 Re8 12. Rfe1 Qc7 13. Ba6 Bf8 14. Bxb7 Qxb7 15. Qd3 Rac8 16. Re2 b5 17. Ne4 Nxe4 18. Rxe4 Qd5 19. Re2 Nb6 20. b3 Rc7 21. Bd2 h6 22. Ne1 g6 23. Nc2 Qf5 24. Ne1 Qxd3 25. Nxd3 Nd5 26. Nb4 Nb6 27. Na6 Rcc8 28. Rc1 Bg7 29. Ree1 f5 30. h4 Kf7 31. g3 e5 32. dxe5 dxe5 33. Be3 Nd5 34. c4 Nxe3 35. fxe3 bxc4 36. bxc4 Bf8 37. c5 Re6 38. Nb4 Rxc5 39. Nd3 Ra5 40. Rc2 Ra3 41. Nc1 Bb4 42. Ree2 Rc3 43. Rxc3 Bxc3 44. Rc2 Ba5 45. Kf2 Bb6 46. Kf3 e4+ 47. Ke2 g5 48. hxg5 hxg5 49. Kd2 Rd6+ 50. Ke2 Kg6 51. Rc8 Kh5 52. Rf8 Kg4 53. Rf7 Rc6 54. Kd2 Ba5+ {Source: Steve Giddins} 0-1

[Event "Hastings Challengers 1993/94"]
[Site "Hastings"]
[Date "1994.01.01"]
[Round "4"]
[White "Duncan, Christopher R"]
[Black "Regan, Natasha K"]
[Result "1-0"]
[WhiteElo "2280"]
[BlackElo "2140"]
[PlyCount "53"]
[EventDate "1993.12.29"]
[EventType "swiss"]
[EventRounds "9"]
[EventCountry "ENG"]
[SourceTitle "BritBase"]
[Source "John Saunders"]
[SourceDate "2025.11.18"]
[SourceVersion "1"]
[SourceVersionDate "2025.11.18"]
[SourceQuality "1"]

1. e4 Nf6 2. e5 Nd5 3. d4 d6 4. Nf3 Bg4 5. Be2 c6 6. exd6 Qxd6 7. O-O Nd7 8. Na3 Nf4 9. Bxf4 Qxf4 10. Nc4 e6 11. c3 Be7 12. h3 h5 13. hxg4 hxg4 14. Qd2 Qf5 15. Nh2 Qh5 16. Qf4 g5 17. Nd6+ Bxd6 18. Qxd6 Nf6 19. f3 gxf3 20. Rxf3 Ne4 21. Qe5 Qh4 22. Raf1 g4 23. Rxf7 Ng5 24. Bxg4 Nxf7 25. Qxe6+ Qe7 26. Rxf7 Qxe6 27. Bxe6 1-0

[Event "Hastings Challengers 1993/94"]
[Site "Hastings"]
[Date "1994.01.01"]
[Round "4"]
[White "Flear, Glenn C"]
[Black "Wilson, Jonathan G"]
[Result "1-0"]
[WhiteElo "2500"]
[BlackElo "2225"]
[PlyCount "51"]
[EventDate "1993.12.29"]
[EventType "swiss"]
[EventRounds "9"]
[EventCountry "ENG"]
[SourceTitle "BritBase"]
[Source "John Saunders"]
[SourceDate "2025.11.18"]
[SourceVersion "1"]
[SourceVersionDate "2025.11.18"]
[SourceQuality "1"]

1. d4 f5 2. g3 Nf6 3. Bg2 g6 4. Nh3 Bg7 5. Nf4 O-O 6. h4 Bh8 7. Qd3 e6 8. Nd2 Nc6 9. Nf3 Ne4 10. Be3 b5 11. Ng5 Nxg5 12. hxg5 d5 13. O-O-O Rb8 14. Rh4 Rf7 15. Rdh1 Ne7 16. Bd2 b4 17. g4 c5 18. Qh3 fxg4 19. Qh2 Bxd4 20. Rxh7 Rxh7 21. Qxh7+ Kf8 22. Be3 Bxe3+ 23. fxe3 Ke8 24. Qg7 Kd7 25. Nxg6 Kd6 26. Qe5+ 1-0

[Event "Hastings Challengers 1993/94"]
[Site "Hastings"]
[Date "1994.01.01"]
[Round "4"]
[White "Hertan, Charles E"]
[Black "Yakovich, Yuri"]
[Result "0-1"]
[WhiteElo "2360"]
[BlackElo "2525"]
[PlyCount "119"]
[EventDate "1993.12.29"]
[EventType "swiss"]
[EventRounds "9"]
[EventCountry "ENG"]
[SourceTitle "BritBase"]
[Source "John Saunders"]
[SourceDate "2025.11.18"]
[SourceVersion "1"]
[SourceVersionDate "2025.11.18"]
[SourceQuality "1"]

1. c4 e5 2. g3 Nf6 3. Bg2 d5 4. cxd5 Nxd5 5. Nc3 Nb6 6. Nf3 Nc6 7. O-O Be7 8. d3 O-O 9. a3 Be6 10. b4 a5 11. b5 Nd4 12. Nxd4 exd4 13. Na4 Bd5 14. Bh3 Re8 15. Bb2 c5 16. bxc6 Bxc6 17. Nxb6 Qxb6 18. Rb1 Qb5 19. Bg2 Bxg2 20. Kxg2 Qd5+ 21. Kg1 Bc5 22. Qd2 b6 23. Rfe1 Re6 24. e4 dxe3 25. fxe3 Rae8 26. d4 Bf8 27. Bc1 h5 28. Qg2 Qxd4 29. exd4 Rxe1+ 30. Qf1 R8e6 31. Rb5 g6 32. Bb2 Rxf1+ 33. Kxf1 Bg7 34. d5 Rd6 35. Ke2 Bxb2 36. Rxb2 Rxd5 37. Rxb6 Rd4 38. Rb5 Ra4 39. Rb3 Kg7 40. Rf3 g5 41. h3 Kg6 42. Rc3 f6 43. Kf3 Kf7 44. Re3 Rc4 45. Rb3 Kg6 46. Re3 a4 47. Rd3 Kf5 48. Re3 g4+ 49. hxg4+ hxg4+ 50. Kg2 Rc2+ 51. Kg1 Rb2 52. Re8 Rb3 53. Kg2 Rxa3 54. Ra8 Ra2+ 55. Kg1 Ke4 56. Rc8 Rd2 57. Rc4+ Rd4 58. Rc6 f5 59. Kf2 a3 60. Ra6 {... 63 moves.} 0-1

[Event "Hastings Challengers 1993/94"]
[Site "Hastings"]
[Date "1994.01.01"]
[Round "4"]
[White "Hinks-Edwards, Thomas RJ"]
[Black "Summerscale, Aaron P"]
[Result "0-1"]
[WhiteElo "2205"]
[BlackElo "2440"]
[PlyCount "102"]
[EventDate "1993.12.29"]
[EventType "swiss"]
[EventRounds "9"]
[EventCountry "ENG"]
[SourceTitle "BritBase"]
[Source "John Saunders"]
[SourceDate "2025.11.18"]
[SourceVersion "1"]
[SourceVersionDate "2025.11.18"]
[SourceQuality "1"]

1. e4 e5 2. Nf3 d6 3. d4 Nf6 4. Nc3 Nbd7 5. Bc4 Be7 6. O-O O-O 7. Re1 c6 8. a4 b6 9. d5 Bb7 10. Qe2 cxd5 11. Nxd5 Nxd5 12. Bxd5 Bxd5 13. exd5 Re8 14. b3 f5 15. Bb2 Rc8 16. a5 bxa5 17. Ra3 Nb6 18. Rxa5 Nc4 19. Ra2 Nxb2 20. Rxb2 Bf6 21. Ra2 e4 22. Nd2 Re5 23. c4 Re7 24. Qe3 h6 25. Qh3 Rf7 26. Nf1 Bd4 27. Ng3 Qd7 28. Ne2 Be5 29. f4 Bf6 30. Qe3 Qb7 31. Ra4 g6 32. Rd1 Rb8 33. b4 Rc8 34. Rc1 Rfc7 35. Qb3 Qb6+ 36. Kf1 Kg7 37. Qa2 Rb7 38. Qa3 Be7 39. b5 Qc7 40. Ra6 Qd7 41. Nd4 Kh7 42. Nc6 Rcc7 43. Qa1 g5 44. fxg5 Bxg5 45. Rc2 f4 46. Qd1 f3 47. Nd4 Qg4 48. gxf3 Qh3+ 49. Kg1 Be3+ 50. Kh1 Rg7 51. Ra1 Bxd4 0-1

[Event "Hastings Challengers 1993/94"]
[Site "Hastings"]
[Date "1994.01.01"]
[Round "4"]
[White "Kumaran, Dharshan"]
[Black "Sher, Miron Naumovich"]
[Result "0-1"]
[WhiteElo "2425"]
[BlackElo "2535"]
[PlyCount "96"]
[EventDate "1993.12.29"]
[EventType "swiss"]
[EventRounds "9"]
[EventCountry "ENG"]
[SourceTitle "BritBase"]
[Source "John Saunders"]
[SourceDate "2025.11.18"]
[SourceVersion "1"]
[SourceVersionDate "2025.11.18"]
[SourceQuality "1"]

1. d4 e6 2. c4 Bb4+ 3. Bd2 a5 4. g3 d6 5. Bg2 Nc6 6. e3 e5 7. d5 Bxd2+ 8. Qxd2 Nb8 9. Nc3 Na6 10. O-O-O Nc5 11. f4 Qe7 12. e4 Nf6 13. h3 g6 14. fxe5 dxe5 15. Nge2 O-O 16. g4 Ne8 17. Ng3 Nd6 18. Bf1 Qh4 19. Qe3 b6 20. Be2 h6 21. Rdf1 Kh7 22. Rf2 Bd7 23. Rhf1 Kg7 24. b3 Qg5 25. Kd2 Rae8 26. Rg2 Qxe3+ 27. Kxe3 h5 28. Rgg1 hxg4 29. Bxg4 Kh7 30. Rf6 Rh8 31. Rgf1 Kg7 32. R6f3 Ref8 33. Rg1 Bxg4 34. hxg4 Rh2 35. Rf2 Rfh8 36. Rgg2 Rxg2 37. Rxg2 a4 38. Rb2 axb3 39. axb3 Rh3 40. Kf3 Kf6 41. Kg2 Rh4 42. Kf3 Kg5 43. Nb5 Nxb5 44. cxb5 Rxg4 45. b4 Nd3 46. Rb3 Rf4+ 47. Ke3 Kg4 48. Ne2 Rf3+ 0-1

[Event "Hastings Challengers 1993/94"]
[Site "Hastings"]
[Date "1994.01.01"]
[Round "4"]
[White "McDonald, Neil R"]
[Black "Mifsud, Timothy"]
[Result "1-0"]
[WhiteElo "2395"]
[BlackElo "2205"]
[PlyCount "107"]
[EventDate "1993.12.29"]
[EventType "swiss"]
[EventRounds "9"]
[EventCountry "ENG"]
[SourceTitle "BritBase"]
[Source "John Saunders"]
[SourceDate "2025.11.18"]
[SourceVersion "1"]
[SourceVersionDate "2025.11.18"]
[SourceQuality "1"]

1. e4 c5 2. Nf3 e6 3. d4 cxd4 4. Nxd4 Nf6 5. Nc3 Nc6 6. Ndb5 d6 7. Bf4 e5 8. Bg5 a6 9. Bxf6 gxf6 10. Na3 b5 11. Nd5 Bg7 12. c3 f5 13. exf5 Bxf5 14. Nc2 O-O 15. Be2 Ne7 16. Nce3 Be6 17. O-O f5 18. f4 Nxd5 19. Nxd5 Kh8 20. Kh1 e4 21. a4 Rb8 22. Nb4 Qc8 23. Qxd6 Rd8 24. Qxa6 bxa4 25. Qxc8 Rbxc8 26. Ba6 Rc7 27. Rfd1 Rxd1+ 28. Rxd1 a3 29. bxa3 Bxc3 30. Kg1 e3 31. Rd8+ Kg7 32. Be2 Bc4 33. Kf1 Bd2 34. Bxc4 Rxc4 35. Rd7+ Kg6 36. Nd3 Ra4 37. Ne5+ Kh6 38. Nf3 Rxf4 39. Rd4 Rxd4 40. Nxd4 f4 41. Ne6 Kg6 42. Nxf4+ Kf5 43. g3 Ke4 44. Ke2 h6 45. a4 Ba5 46. Ng2 Bb6 47. Nh4 Ba7 48. a5 h5 49. a6 Bb6 50. Ng6 Bc5 51. Ne7 h4 52. gxh4 Kf4 53. h3 Ke4 54. h5 1-0

[Event "Hastings Challengers 1993/94"]
[Site "Hastings"]
[Date "1994.01.01"]
[Round "4"]
[White "Paschall, William M"]
[Black "Wells, Peter K"]
[Result "0-1"]
[WhiteElo "2215"]
[BlackElo "2455"]
[PlyCount "54"]
[EventDate "1993.12.29"]
[EventType "swiss"]
[EventRounds "9"]
[EventCountry "ENG"]
[SourceTitle "BritBase"]
[Source "John Saunders"]
[SourceDate "2025.11.18"]
[SourceVersion "1"]
[SourceVersionDate "2025.11.18"]
[SourceQuality "1"]

1. d4 Nf6 2. c4 e6 3. Nf3 d5 4. Nc3 c6 5. Bg5 dxc4 6. e4 b5 7. e5 h6 8. Bh4 g5 9. Nxg5 hxg5 10. Bxg5 Nbd7 11. g3 Rg8 12. h4 Rxg5 13. hxg5 Nd5 14. g6 fxg6 15. Qg4 Qe7 16. Rh8 Nxc3 17. bxc3 Bb7 18. Bh3 O-O-O 19. Qxe6 Qa3 20. Rxf8 Qxc3+ 21. Ke2 Qb2+ 22. Ke3 Qa3+ 23. Ke2 Qxf8 24. Qxg6 c5 25. Qg4 Kb8 26. e6 Nb6 27. f4 cxd4 0-1

[Event "Hastings Challengers 1993/94"]
[Site "Hastings"]
[Date "1994.01.01"]
[Round "4"]
[White "Spangenberg, Hugo"]
[Black "McKenna, Jason P"]
[Result "1-0"]
[WhiteElo "2535"]
[BlackElo "2160"]
[PlyCount "37"]
[EventDate "1993.12.29"]
[EventType "swiss"]
[EventRounds "9"]
[EventCountry "ENG"]
[SourceTitle "BritBase"]
[Source "John Saunders"]
[SourceDate "2025.11.18"]
[SourceVersion "1"]
[SourceVersionDate "2025.11.18"]
[SourceQuality "1"]

1. e4 d6 2. d4 g6 3. Nc3 Nf6 4. Bg5 Bg7 5. Qd2 c6 6. f4 O-O 7. Nf3 Bg4 8. Bd3 Nbd7 9. e5 dxe5 10. fxe5 Nd5 11. O-O-O Nxc3 12. Qxc3 c5 13. Bb5 f6 14. dxc5 Kh8 15. exf6 exf6 16. Bf4 a6 17. Ba4 b5 18. cxb6 Rc8 19. Bc7 1-0

[Event "Hastings Challengers 1993/94"]
[Site "Hastings"]
[Date "1994.01.01"]
[Round "4"]
[White "Thompson, Ian D"]
[Black "Korholz, Ludger"]
[Result "1-0"]
[WhiteElo "2184"]
[BlackElo "2295"]
[PlyCount "61"]
[EventDate "1993.12.29"]
[EventType "swiss"]
[EventRounds "9"]
[EventCountry "ENG"]
[SourceTitle "BritBase"]
[Source "John Saunders"]
[SourceDate "2025.11.18"]
[SourceVersion "1"]
[SourceVersionDate "2025.11.18"]
[SourceQuality "1"]

1. c4 Nf6 2. Nc3 g6 3. g3 Bg7 4. Bg2 O-O 5. e4 d6 6. Nge2 c5 7. O-O Nc6 8. d3 Ne8 9. Be3 Nc7 10. d4 cxd4 11. Nxd4 Ne6 12. Nde2 a6 13. Rc1 Bd7 14. Nd5 b5 15. Bb6 Qb8 16. b3 Re8 17. f4 Nb4 18. Be3 bxc4 19. Nb6 Nxa2 20. Rxc4 Bb5 21. Nxa8 Bxc4 22. bxc4 Qb4 23. Nb6 Nc5 24. Nd5 Qxc4 25. Bd4 Bxd4+ 26. Nxd4 Nd3 27. Qa1 Rb8 28. Nxe7+ Kf8 29. Nec6 Rb6 30. Ne6+ fxe6 31. Qf6+ {Source: Ian Thompson} 1-0

[Event "Hastings Challengers 1993/94"]
[Site "Hastings"]
[Date "1994.01.01"]
[Round "4"]
[White "Tkachiev, Vladislav"]
[Black "McNab, Colin Anderson"]
[Result "0-1"]
[WhiteElo "2455"]
[BlackElo "2490"]
[PlyCount "82"]
[EventDate "1993.12.29"]
[EventType "swiss"]
[EventRounds "9"]
[EventCountry "ENG"]
[SourceTitle "BritBase"]
[Source "John Saunders"]
[SourceDate "2025.11.18"]
[SourceVersion "1"]
[SourceVersionDate "2025.11.18"]
[SourceQuality "1"]

1. e4 g6 2. d4 d6 3. Nc3 c6 4. Nf3 Nd7 5. a4 Bg7 6. Bc4 Nb6 7. Bb3 a5 8. Ng5 Nh6 9. h4 d5 10. h5 f6 11. Nxh7 g5 12. Nxg5 fxg5 13. Bxg5 Qd6 14. Qd3 Bg4 15. Rh4 Qd7 16. exd5 Bf5 17. dxc6 bxc6 18. Qe2 O-O-O 19. Qa6+ Qb7 20. Qxa5 Bd7 21. Ne4 Bxd4 22. O-O-O Bxb2+ 23. Kb1 Nc4 24. Qc5 Be6 25. Bd2 Nf5 26. Ka2 Ba3 27. Qxa3 Nxa3 28. Bxe6+ Kc7 29. Bxf5 Nc4 30. Rb1 Qa7 31. Bf4+ e5 32. Nc3 exf4 33. Rxf4 Rd4 34. Be4 Nd6 35. Rg4 Rxa4+ 36. Nxa4 Qxa4+ 37. Kb2 Rb8+ 38. Kc3 Qa3+ 39. Kd4 Rxb1 40. Rg7+ Kb6 41. Ke5 Qc5+ 0-1

[Event "Hastings Challengers 1993/94"]
[Site "Hastings"]
[Date "1994.01.02"]
[Round "5"]
[White "Arkell, Keith C"]
[Black "Wall, Timothy P"]
[Result "1-0"]
[WhiteElo "2475"]
[BlackElo "2230"]
[PlyCount "57"]
[EventDate "1993.12.29"]
[EventType "swiss"]
[EventRounds "9"]
[EventCountry "ENG"]
[SourceTitle "BritBase"]
[Source "John Saunders"]
[SourceDate "2025.11.18"]
[SourceVersion "1"]
[SourceVersionDate "2025.11.18"]
[SourceQuality "1"]

1. d4 Nf6 2. Nf3 d5 3. c4 c6 4. Nc3 dxc4 5. a4 Bg4 6. e4 e6 7. Bxc4 Bb4 8. Qd3 Bxf3 9. gxf3 Nbd7 10. Rg1 g6 11. Bg5 Qa5 12. Kf1 O-O-O 13. Qe3 Be7 14. Rc1 Qb4 15. Be2 Kb8 16. a5 Qxa5 17. Kg2 e5 18. Ra1 exd4 19. Bf4+ Kc8 20. Rxa5 dxe3 21. Rxa7 Nb6 22. Bxe3 Nfd7 23. Rc1 Bc5 24. Bf4 g5 25. Bg3 Rhe8 26. Ba6 Nb8 27. Bxb7+ Kd7 28. Bc8+ Kxc8 29. Rc7# 1-0

[Event "Hastings Challengers 1993/94"]
[Site "Hastings"]
[Date "1994.01.02"]
[Round "5"]
[White "Giddins, Stephen W"]
[Black "Ledger, David J"]
[Result "1/2-1/2"]
[WhiteElo "2280"]
[BlackElo "2295"]
[PlyCount "90"]
[EventDate "1993.12.29"]
[EventType "swiss"]
[EventRounds "9"]
[EventCountry "ENG"]
[SourceTitle "BritBase"]
[Source "John Saunders"]
[SourceDate "2025.11.18"]
[SourceVersion "1"]
[SourceVersionDate "2025.11.18"]
[SourceQuality "1"]

1. d4 Nf6 2. c4 g6 3. Nf3 Bg7 4. g3 O-O 5. Bg2 d6 6. O-O c6 7. Nc3 Qa5 8. e4 Bg4 9. h3 Bxf3 10. Bxf3 Nfd7 11. Be3 a6 12. a3 c5 13. e5 cxd4 14. Bxd4 Nxe5 15. Bxb7 Nbc6 16. Bxe5 Nxe5 17. Bxa8 Rxa8 18. Qd5 Qxd5 19. Nxd5 Nxc4 20. Rac1 Nxb2 21. Nxe7+ Kf8 22. Nd5 Bd4 23. Rc2 Rb8 24. Rb1 Rb3 25. Kg2 a5 26. a4 h6 27. Rd2 Be5 28. f4 Bg7 29. Rc1 Rb8 30. Rc7 Nxa4 31. Ra2 Nc5 32. Rxa5 Rb2+ 33. Kh1 Bd4 34. Ra3 Ne4 35. Rc4 Rb1+ 36. Kh2 Rb2+ 37. Kh1 Nf2+ 38. Kg2 Bc5 39. Ra8+ Kg7 40. Kf3 Nxh3 41. g4 Rd2 42. Nc7 Ng1+ 43. Ke4 Re2+ 44. Kd5 Rd2+ 45. Ke4 Re2+ {Source: Steve Giddins} 1/2-1/2

[Event "Hastings Challengers 1993/94"]
[Site "Hastings"]
[Date "1994.01.02"]
[Round "5"]
[White "Harman, Kenneth B"]
[Black "Cafferty, Bernard"]
[Result "1-0"]
[WhiteElo "2130"]
[BlackElo "2310"]
[PlyCount "67"]
[EventDate "1993.12.29"]
[EventType "swiss"]
[EventRounds "9"]
[EventCountry "ENG"]
[SourceTitle "BritBase"]
[Source "John Saunders"]
[SourceDate "2025.11.18"]
[SourceVersion "1"]
[SourceVersionDate "2025.11.18"]
[SourceQuality "1"]

1. e4 e6 2. d4 d5 3. Nc3 Bb4 4. e5 c5 5. a3 Bxc3+ 6. bxc3 Ne7 7. Qg4 Kf8 8. h4 Qa5 9. Bd2 Qa4 10. Kd1 Nd7 11. Nf3 b6 12. h5 h6 13. Qf4 Ba6 14. Bxa6 Qxa6 15. g4 Kg8 16. Rg1 Rf8 17. g5 Nf5 18. Nh4 Nxh4 19. gxh6 Ng6 20. Qg4 gxh6 21. hxg6 f5 22. Qh5 Rc8 23. g7 Rh7 24. Qg6 b5 25. Bxh6 cxd4 26. cxd4 b4 27. Bd2 Rh4 28. Qg5 Rg4 29. Rxg4 fxg4 30. Ke1 bxa3 31. Qe7 Qc6 32. Rxa3 Nxe5 33. dxe5 d4 34. Qh4 1-0